PME : Gagnez en compétitivité grâce à votre marketing : (Record no. 54687)

MARC details
000 -LEADER
fixed length control field 00712nam a22002177a 4500
007 - PHYSICAL DESCRIPTION FIXED FIELD--GENERAL INFORMATION
fixed length control field 00
008 - FIXED-LENGTH DATA ELEMENTS--GENERAL INFORMATION
fixed length control field 160623b xxu||||| |||| 00| 0 eng d
020 ## - INTERNATIONAL STANDARD BOOK NUMBER
International Standard Book Number 978-2-10-060007-6
040 ## - CATALOGING SOURCE
Original cataloging agency BUAC
Transcribing agency BUC
041 ## - LANGUAGE CODE
Language code of text/sound track or separate title Fre.
100 ## - MAIN ENTRY--PERSONAL NAME
Personal name Callies, Sophie
245 ## - TITLE STATEMENT
Title PME : Gagnez en compétitivité grâce à votre marketing :
Remainder of title comment réconcillier le marketing avec la petite entreprise
Statement of responsibility, etc / par Sophie Callies, François Laurent
260 ## - PUBLICATION, DISTRIBUTION, ETC. (IMPRINT)
Place of publication, distribution, etc Paris :
Name of publisher, distributor, etc Dunod,
Date of publication, distribution, etc 2013
300 ## - PHYSICAL DESCRIPTION
Extent 188 p.
Other physical details Couv. en coul
Dimensions 22 cm.
440 ## - SERIES STATEMENT/ADDED ENTRY--TITLE
Title ( Collection Entrepreneurs)
521 ## - TARGET AUDIENCE NOTE
Target audience note Index. pp. (187 - 188).
630 ## - SUBJECT ADDED ENTRY--UNIFORM TITLE
Uniform title SCIENCES APPLIQUEES
650 ## - SUBJECT ADDED ENTRY--TOPICAL TERM
Topical term or geographic name as entry element Marketing
9 (RLIN) 19825
700 ## - ADDED ENTRY--PERSONAL NAME
Personal name Laurent, François
942 ## - ADDED ENTRY ELEMENTS (KOHA)
Item type Livre exclu du prêt
Holdings
Withdrawn status Lost status Damaged status Not for loan Location (home branch) Sublocation or collection (holding branch) Date acquired Source of acquisition Coded location qualifier Koha issues (times borrowed) Koha full call number Piece designation (barcode) Koha date last seen Copy number Price effective from Koha item type
        Bibliothèque Universitaire Centrale Bibliothèque Universitaire Centrale 11/06/2015 Don ARES 16/462   658.8 CAL 16-462BUC 23/06/2016 1 23/06/2016 Libre Accès
        Bibliothèque Universitaire Centrale Bibliothèque Universitaire Centrale 11/06/2015 Don ARES 16/605   658.8 CAL 16-605BUC 23/06/2016 2 23/06/2016 Libre Accès


© 2008, Bibliothèques de l'Université d'Abomey-Calavi

04 BP 789 Cotonou, Tél. : +229 21 36 01 01, Fax : +229 21 35 06 32

Courriel : bu@bu.uac.bj